Statistics for BioShock Series Characters

Click here to take the quiz!

General Stats

  • This quiz has been taken 105 times
  • The average score is 19 of 33

Answer Stats

HintAnswer% Correct
Objectivist founder of the underwater city of RaptureAndrew Ryan
97%
Man who crash-lands into Rapture's vicinity after it's fall and is forced to fight his way through the city, the player character of BioShockJack
90%
Leader of the lower-class rebels who rise up in the Rapture Civil WarAtlas
89%
The primary business rival of the above, known for his shady business practicesFrank Fontaine
89%
Insane artist who controls Fort Frolic and forces the player character to help create his macabre masterpieceSander Cohen
77%
German scientist, discoverer of ADAM and creator of the Little SistersBrigid Tenenbaum
76%
Mysterious and powerful girl imprisoned in Columbia's Monument Tower, who is freed by the player leading to the downfall of ColumbiaElizabeth
74%
Disgraced former soldier and Pinkerton agent, who travels to the city of Columbia in order to find and rescue a girl and clear his gambling debts, player character of BioShock InfiniteBooker DeWitt
73%
Psychiatrist reluctantly invited to Rapture by its founder, who challenges his principles and creates the communalist Rapture Family which takes over the city after his deathDr. Sofia Lamb
73%
Deranged surgeon who controls the Medical PavilionDr. J.S. Steinman
71%
Leading scientist in Rapture and pioneer of many plasmids and the pair bond between Little Sisters and their Big DaddysDr. Yi Suchong
71%
Zealous founder of the floating city of Columbia, a theocratic, racist, authoritarian society with a distinctly American flavorZachary Hale Comstock
71%
Alpha Series Big Daddy who is resurrected to fight the Rapture Family, player character of BioShock 2Subject Delta
63%
Giant mechanical creation who acts as the jailor for the girl imprisoned in Monument TowerThe Songbird
63%
The imprisoned and experimented upon daughter of the above, former Little Sister of the player characterEleanor Lamb
56%
Southern accented businessman who aids the player and eventually is forced to fight against himAugustus Sinclair
55%
Leader and founder of the Vox Populi, a group of rebels drawn from Columbia's lower classes, determined to bring down the city's regime and its inequalityDaisy Fitzroy
53%
Leading businessman and industrialist of Columbia, who developed the Vigors and whose methods of production rely on cheap, coerced laborJeremiah Fink
52%
Wife of the above, who is murdered to conceal the secrets she knew about the city's foundingLady Comstock
52%
"Twin brother" of the aboveRobert Lutece
52%
Quantum physicist whose research allowed for the creation of Columbia, and who was then betrayed by its founderRosalind Lutece
47%
Scientist who developed the Big Sisters and is transformed by ADAM in his experiments into a massive, fleshy abominationDr. Gilbert Alexander
44%
Chinese gunsmith, whose well-being and machinery become very important to the player characterChen Lin
42%
Former blues singer who controls the impoverished Pauper's Drop region for the Rapture FamilyGrace Holloway
40%
Lover of Rapture's founder who bears his child and is then killed by him out of rageJasmine Jolene
40%
Rapture's leading botanist, maintainer of Arcadia and creator of the Lazarus VectorDr. Julie Langford
39%
Former soldier and associate of the player who rises up against Columbia's founder when he begins taking credit for the achievements of othersCornelius Slate
37%
Lover of Rapture's founder who eventually joins the rebel forcesDiane McClintock
37%
Agent of Rapture's founder who infiltrated the Family, leading to the imprisonment of its leader and the flooding of Dionysus ParkStanley Poole
37%
Girl adopted by the player character of Burial at Sea who then disappears and becomes a Little Sister, leading to the events of the gameSally
34%
Man who comes to Rapture from the surface to find his kidnapped daughter Cindy, and is turned into a Big Daddy as a resultMark Meltzer
31%
Entrepreneurial brothers who end up as pseudo-religious leaders of the Rapture Family and control Siren's AlleyThe Wales Brothers
31%
Former head of Rapture's maintenance and friend of the city's founder, who he attempts to kill when the Civil War gets out of controlBill McDonagh
21%

Score Distribution

Percentile by Number Answered

Percent of People with Each Score

Your Score History

You have not taken this quiz